000 00649nam a2200253Ia 4500
003 OSt
005 20220912151946.0
006 a|||||r|||| 00| 0
007 ta
008 220909b |||||||| |||| 00| 0 eng d
024 _a63756
037 _cTextual
040 _aCSL
_beng
_cCSL
041 _aeng
082 _aB0D65,8(B), K42
100 _aTou Julius T
245 0 _aComputer and information science
260 _c1964
300 _ap.
_ccm.
650 _aMaths for computer science
700 _a Wilcox Richard H
942 _hB0D65,8(B), K42
_cTEXL
_2CC
999 _c78083
_d78083